=LDR 00000nam 2200000 4500 =001 INLIS000000000007032 =005 20200326124544 =035 ##$$a 0010-061300000007032 =008 200326################g##########0#ind## =041 ##$$a Ind =082 ##$$a 297.40 =090 ##$$a 297.40, Kha k =100 #$$a Abdul Wahab, Khallaf =245 1#$$a Kaidah-kaidah hukum Islam, /$c Prof. Abdul Wahhab Khallaf =260 ##$$a Bandung :$b Risalah,$c 1983 =300 ##$$a vi, 188 hlm., ; $c 15 x 21 cm =650 #4$$a Fiqih-Hukum Islam =084 ##$$a 297.40 ABD k =250 ##$$a cet.1 =990 ##$$a 7.784/Pb-85